<?xml version="1.0" encoding="UTF-8"?>
<collection xmlns="http://www.loc.gov/MARC21/slim">
<record>
  <controlfield tag="001">89623</controlfield>
  <controlfield tag="005">20210902121645.0</controlfield>
  <datafield tag="024" ind1="7" ind2=" ">
    <subfield code="2">doi</subfield>
    <subfield code="a">10.20960/nh.02465</subfield>
  </datafield>
  <datafield tag="024" ind1="8" ind2=" ">
    <subfield code="2">sideral</subfield>
    <subfield code="a">117448</subfield>
  </datafield>
  <datafield tag="037" ind1=" " ind2=" ">
    <subfield code="a">ART-2020-117448</subfield>
  </datafield>
  <datafield tag="041" ind1=" " ind2=" ">
    <subfield code="a">spa</subfield>
  </datafield>
  <datafield tag="100" ind1=" " ind2=" ">
    <subfield code="a">Corella Aznar, Elena G.</subfield>
  </datafield>
  <datafield tag="245" ind1=" " ind2=" ">
    <subfield code="a">Evaluación de la composición corporal mediante antropometría y bioimpedanciometría en supervivientes de leucemia aguda infantil</subfield>
  </datafield>
  <datafield tag="260" ind1=" " ind2=" ">
    <subfield code="c">2020</subfield>
  </datafield>
  <datafield tag="506" ind1="0" ind2=" ">
    <subfield code="a">Access copy available to the general public</subfield>
    <subfield code="f">Unrestricted</subfield>
  </datafield>
  <datafield tag="520" ind1="3" ind2=" ">
    <subfield code="a">Introduccio´n: los supervivientes de leucemia aguda infantil (LAI) tienen riesgo de desarrollar obesidad. El objetivo del estudio fue evaluar la composición corporal en estos pacientes mediante las diferentes técnicas de empleadas en la práctica clínica y compararlas con el empleo del índice de masa corporal (IMC). Me´todos: estudio transversal de 39 supervivientes de LAI con más de diez an~os desde el diagno´stico. Se evaluó el grado de acuerdo entre diferentes técnicas antropométricas y composición corporal y se analizaron factores de riesgo asociados al desarrollo de obesidad. Resultados: prevalencia de obesidad según porcentaje masa grasa por IMC 38,5%, perímetro cintura 46,1%, sumatorio cuatro pliegues 51,3% y bioimpedanciometría (BIA) 56,4%. Existe adecuada correlación entre los métodos, pero el IMC infraestima la adiposidad respecto al perímetro de cintura (-1,03 ± 2,01), pliegues (-2,95 ± 5,78 y BIA (-3,78 ± 7,4), con mayor infraestimación en % masa magra > 28%. Tres pacientes mostraron sarcopenia y solo uno, obesidad sarcopénica. La adiposidad estimada por el perímetro de cintura fue el parámetro con mejor asociación con los factores de riesgo cardiovascular (colesterol-LDL: r = 0,703; colesterol-HDL: r = -0,612; p &lt; 0,05 e hipertensión: OR 4,17; IC 95%: 1,012-19,3). Los factores de riesgo asociados a obesidad fueron: sexo femenino, alto riesgo tumoral, tratamiento con radioterapia y trasplante de progenitores hematopoyéticos. Conclusiones: el IMC infraestima el porcentaje de supervivientes obesos respecto al empleo del perímetro de cintura, pliegues cutáneos y bioimpedanciometría, existiendo riesgo de clasificar erróneamente a sujetos obesos como no obesos. El sexo femenino, el alto riesgo tumoral, la radioterapia y el trasplante son factores de riesgo para presentar obesidad.</subfield>
  </datafield>
  <datafield tag="540" ind1=" " ind2=" ">
    <subfield code="9">info:eu-repo/semantics/openAccess</subfield>
    <subfield code="a">by-nc-sa</subfield>
    <subfield code="u">http://creativecommons.org/licenses/by-nc-sa/3.0/es/</subfield>
  </datafield>
  <datafield tag="590" ind1=" " ind2=" ">
    <subfield code="a">1.057</subfield>
    <subfield code="b">2020</subfield>
  </datafield>
  <datafield tag="591" ind1=" " ind2=" ">
    <subfield code="a">NUTRITION &amp; DIETETICS</subfield>
    <subfield code="b">77 / 88 = 0.875</subfield>
    <subfield code="c">2020</subfield>
    <subfield code="d">Q4</subfield>
    <subfield code="e">T3</subfield>
  </datafield>
  <datafield tag="592" ind1=" " ind2=" ">
    <subfield code="a">0.31</subfield>
    <subfield code="b">2020</subfield>
  </datafield>
  <datafield tag="593" ind1=" " ind2=" ">
    <subfield code="a">Nutrition and Dietetics</subfield>
    <subfield code="c">2020</subfield>
    <subfield code="d">Q3</subfield>
  </datafield>
  <datafield tag="593" ind1=" " ind2=" ">
    <subfield code="a">Medicine (miscellaneous)</subfield>
    <subfield code="c">2020</subfield>
    <subfield code="d">Q3</subfield>
  </datafield>
  <datafield tag="655" ind1=" " ind2="4">
    <subfield code="a">info:eu-repo/semantics/article</subfield>
    <subfield code="v">info:eu-repo/semantics/publishedVersion</subfield>
  </datafield>
  <datafield tag="700" ind1=" " ind2=" ">
    <subfield code="a">Ayerza Casas, Ariadna</subfield>
  </datafield>
  <datafield tag="700" ind1=" " ind2=" ">
    <subfield code="a">Ros Arnal, Ignacio</subfield>
  </datafield>
  <datafield tag="700" ind1=" " ind2=" ">
    <subfield code="a">Muñoz Mellado, Ascensión</subfield>
  </datafield>
  <datafield tag="700" ind1=" " ind2=" ">
    <subfield code="a">Jiménez Montañés, Lorenzo</subfield>
  </datafield>
  <datafield tag="700" ind1=" " ind2=" ">
    <subfield code="a">Samper Villagrasa, Pilar</subfield>
    <subfield code="u">Universidad de Zaragoza</subfield>
    <subfield code="0">(orcid)0000-0001-5492-3191</subfield>
  </datafield>
  <datafield tag="710" ind1="2" ind2=" ">
    <subfield code="1">1011</subfield>
    <subfield code="2">670</subfield>
    <subfield code="a">Universidad de Zaragoza</subfield>
    <subfield code="b">Dpto. Microb.Ped.Radio.Sal.Pú.</subfield>
    <subfield code="c">Área Pediatría</subfield>
  </datafield>
  <datafield tag="773" ind1=" " ind2=" ">
    <subfield code="g">37, 1 (2020), 56-64</subfield>
    <subfield code="p">Nutr. hosp.</subfield>
    <subfield code="t">Nutricion Hospitalaria</subfield>
    <subfield code="x">0212-1611</subfield>
  </datafield>
  <datafield tag="856" ind1="4" ind2=" ">
    <subfield code="s">945812</subfield>
    <subfield code="u">http://zaguan.unizar.es/record/89623/files/texto_completo.pdf</subfield>
    <subfield code="y">Versión publicada</subfield>
  </datafield>
  <datafield tag="856" ind1="4" ind2=" ">
    <subfield code="s">37036</subfield>
    <subfield code="u">http://zaguan.unizar.es/record/89623/files/texto_completo.jpg?subformat=icon</subfield>
    <subfield code="x">icon</subfield>
    <subfield code="y">Versión publicada</subfield>
  </datafield>
  <datafield tag="909" ind1="C" ind2="O">
    <subfield code="o">oai:zaguan.unizar.es:89623</subfield>
    <subfield code="p">articulos</subfield>
    <subfield code="p">driver</subfield>
  </datafield>
  <datafield tag="951" ind1=" " ind2=" ">
    <subfield code="a">2021-09-02-09:02:45</subfield>
  </datafield>
  <datafield tag="980" ind1=" " ind2=" ">
    <subfield code="a">ARTICLE</subfield>
  </datafield>
</record>
</collection>